LEADER 01314nam a2200301 u 4500 001 000000066715 003 CaOOAMICUS 005 20070226121615.0 008 020123s1985 it u000 u ita u 035 $a10917603 040 $aPUL(R)$bita 245 12$aL'età dei lumi :$bstudi storici sul settecento europeo in onore di Franco Venturi. 260 $aNapoli :$bJovene,$cc1985. 300 $a2 v. ;$c22 cm 490 1 $aStoria e diritto.$aStudi ;$v16 500 $aContiene indici. 504 $aBibliografia in nota. 600 14$aVenturi, Franco,$d1914-1994.$0(OLS)http://pul/subject/24256 650 4$aIlluminismo.$0(OLS)http://pul/subject/1898 830 0$aStoria e diritto.$pStudi ;$v16.$0(OLS)http://pul/title/9591 850 $aPUL 852 $aPUL$W1$xSL Filosofia 1$y2$m107 D 57-58$j86282$nBK-PRI$b $qStampati$B86282$CPULBib$Z2$F86282 $H $81 852 $aPUL$W1$xSL Filosofia 1$y2$m107 D 57-58$j86282$nBK-PRI$b $qStampati$B86283$CPULBib$Z2$F86283 $H $81 941 1 $a8 961 $aINV: 68135-6 961 $aINV: 68135-6 996 $6245$aL'età dei lumi :$bstudi storici sul settecento europeo in onore di Franco Venturi$9(OLS)http://pul/title/88556 996 $6260$aNapoli :$bJovene$9(OLS)http://pul/publisher/47845 LEADER 01416nam a2200301 u 4500 001 000000074717 003 CaOOAMICUS 005 20070226123022.0 008 021216s1971 gw u000 u ger u 035 $a10948790 040 $aPUL$bita 100 1 $aBarth, Hans-Martin.$0(OLS)http://pul/name/41403 245 10$aAtheismus und Orthodoxie :$bAnalysen und Modelle christlicher Apologetik im 17. Jahrundert /$cHans-Martin Barth. 260 $aGöttingen :$bVandenhoeck & Ruprecht,$c1971. 300 $a356 p. :$bill. ;$c23 cm 490 1 $aForschungen zur systematischen und ökumenischen Theologie ;$vBd. 26 500 $aComprende indice. 504 $aBibliografia: p. 322-335. 650 4$aAteismo.$0(OLS)http://pul/subject/406 650 4$aCristianesimo e ateismo.$0(OLS)http://pul/subject/407 650 4$aApologetica$ySec. XVII.$0(OLS)http://pul/subject/26069 830 0$aForschungen zur systematischen und ökumenischen Theologie ;$vBd. 26.$0(OLS)http://pul/title/97968 850 $aPUL 852 $aPUL$W1$xSL Religione 1$y3$m59 L 26$j96320$nBK-PRI$b $qStampati$B96320$CPULBib$Z2$F96320 $H $81 941 1 $a8 961 $aINV: 88148 996 $6245$aAtheismus und Orthodoxie :$bAnalysen und Modelle christlicher Apologetik im 17. Jahrundert$9(OLS)http://pul/title/98063 996 $6260$aGöttingen :$bVandenhoeck & Ruprecht$9(OLS)http://pul/publisher/47973